• 首页
  • 本馆介绍
  • 公告通知
  • 最新文献
  • 馆藏检索
  • 电子资源
  • 读者导购
  • 参考咨询
  • 我的图书馆
  • 登录
  • 详细信息显示
  • 放入我的书架
  • 预约/预借图书
  • 作者相关作品
  • 分类相关作品
  • 丛书相关作品
  • 出版社相关作品

书目信息

  • 表格格式
  • 工作单格式
  • 卡片格式
题名:
狗的前世今生
    
 
作者: 佩奇 著 ;蒋凯文 译
分册:  
出版信息: 天津   天津教育出版社  2009
页数: 231页
开本: 22cm
丛书名:
单 册:
中图分类: S829.2
科图分类:
主题词: 犬--基本知识 , 犬
电子资源:
ISBN: 978-7-5309-5833-9
000 01006nam0 2200289 45
001 1029490230
005 20100428095638.79
010    @a978-7-5309-5833-9@dCNY22.80
100    @a20100426d2009 em y0chiy0110 ea
101 1  @achi@ceng
102    @aCN@b120000
105    @aa z 000yy
106    @ar
200 1  @a狗的前世今生@AGou De Qian Shi Jin Sheng@dDogs: a natural history@f(美) 杰克·佩奇(Jake Page)著@F( Mei ) Jie Ke· Pei Qi (Jake Page) Zhu@g蒋凯文译@zeng
210    @a天津@c天津教育出版社@d2009
215    @a231页@c图@d22cm
300    @a弘文生活馆 宠物伊甸园
305    @a由哈珀·柯林斯出版集团通过中国博达著作权代理有限公司授权出版
330    @a本书作者以狗的起源入手,对狗的界定、狗的演变、狗的世界都做了介绍。
510 1  @aDogs: a natural history@zeng
606 0  @a犬@x基本知识
606 0  @a犬
690    @aS829.2@v4
701  1 @a佩奇@APei Qi@g (Page, Jake)@4著
702  0 @a蒋凯文@AJiang Kai Wen@4译
801  0 @aCN@bTANGWEI@c20100428
905    @b0596268-72@dS829.2@e85@f5
    
    狗的前世今生=Dogs: a natural history/(美) 杰克·佩奇(Jake Page)著/蒋凯文译.-天津:天津教育出版社,2009
    231页:图;22cm
    弘文生活馆 宠物伊甸园
    
    ISBN 978-7-5309-5833-9:CNY22.80
    本书作者以狗的起源入手,对狗的界定、狗的演变、狗的世界都做了介绍。
●
相关链接 在E读中查询图书 在五车中查询图书 在当当中查询图书 在豆瓣中查询图书


正题名:狗的前世今生     索取号:S829.2/85         预约/预借

序号 登录号 条形码 馆藏地/架位号 状态 备注
1 0596268   205962680   第二样本阅览室/ [索取号:S829.2/85] 在馆    
2 0596269   205962699   第三借阅区/ [索取号:S829.2/85] 在馆    
3 0596270   205962706   第三借阅区/ [索取号:S829.2/85] 在馆    
4 0596271   205962715   第三借阅区/ [索取号:S829.2/85] 在馆    
5 0596272   205962724   第三借阅区/ [索取号:S829.2/85] 在馆    
唐山师范学院图书馆 欢迎您!
大连网信软件有限公司© 版权所有